Reconnaissance des arbres et arbustes avec images - Statistiques

Statistiques générales
  • Ce quiz a été pris 275 fois
  • Le résultat moyen est 12 sur 25
Statistiques - réponses
Par images Réponse % Correct
Chêne
99%
Houx
92%
Érable
91%
Marronnier
73%
Hêtre
71%
Tilleul
62%
Bouleau
61%
Laurier sauce
60%
Platane
60%
Frêne
58%
Charme
56%
Olivier
52%
Châtaignier
49%
Figuier
49%
Cerisier
48%
Peuplier
39%
Aulne
32%
Noyer
30%
Aubépine
29%
Pommier
29%
Buis
28%
Sorbier des oiseleurs
18%
Troène
14%
Pêcher
10%
Groseillier / Cassissier
8%
Aucun quiz correspondant
Distribution des résultats
% des personnes avec chaque résultat
Percentile par nombre de réponses
Votre historique - résultats
Vous n’avez pas pris ce quiz